Estatísticas para Serras

Clique aqui para jogar o quiz

Estatísticas Gerais

  • Esse quiz foi jogado 20 vezes
  • A pontuação média é 6 de 15

Estatísticas das Respostas

HintResposta% Correto
1.Serra da Estrela
100%
2.Serra do Gerês
76%
10.Serra da Arrábida
59%
5.Serra de Monchique
59%
6.Serra do Caldeirão
53%
13.Serra do Caldeirão
53%
12.Serra do Caramulo
47%
7.Serra de Sintra
41%
3.Serra de Aires e Candeeiros
35%
4.Serra da Gardunha
29%
14.Serra da Lousã
24%
8.Serra de São Mamede
24%
11.Serra do Buçaco
18%
15.Serra do Marvão
6%
9.Serra de Ansião
0%

Distribuição das Pontuações

Percentil de Números Respondidos

Porcentagem de Pessoas com Cada Pontuação

Sua Pontuação Histórica

Você não jogou esse quiz